000 00713nam a2200277 i 4500
001 C2-0306835
003 PPAK
005 20180728093334.0
008 101219s2010 my |||| ||||| | may d
020 _a9789673650095
040 _aPPAK
_beng
_cPPAK
_erda
082 0 4 _a899.233
_223
090 0 0 _a899.233
_bEZI
_dG
100 0 _aEzi Afiza,
_eauthor
245 1 0 _aTerasa ada cinta
264 1 _aKuala Lumpur :
_bFajar Pakeer ,
_c2010
300 _a475 pages ;
_c18 cm
336 _2rdacontent
_atext
337 _2rdamedia
_aunmediated
338 _2rdacarrier
_avolume
650 1 0 _aMalay fiction.
700 _eauthor
700 0 _aAidil
_eeditor
700 0 _aEve Hawa,
_eeditor
942 _ddc
_cB
999 _c109663
_d109663